[Event "Monarque noir-Tch"]
[Site "Gatineau CAN"]
[Date "2008.02.05"]
[Round "4"]
[White "Laurin, Jacques"]
[Black "Blouin, Francois"]
[Result "1-0"]
[WhiteElo "1828"]
[BlackElo "1512"]
[PlyCount "39"]
[GameId "2160767910549067"]
[EventDate "2008.01.15"]
[EventType "team-swiss"]
[EventRounds "7"]
[EventCountry "CAN"]
[SourceTitle "EXT 2011"]
[Source "ChessBase"]
[SourceDate "2011.11.26"]
[SourceVersion "1"]
[SourceVersionDate "2011.11.26"]
[SourceQuality "1"]

1. c4 Nf6 2. Nf3 b6 3. Nc3 Bb7 4. Qc2 d6 5. d4 c5 6. d5 e5 7. dxe6 fxe6 8. Ng5 Qd7 9. Bf4 Nc6 10. e3 O-O-O 11. a3 h6 12. Nf3 g5 13. Bg3 Nh5 14. Rd1 Nxg3 15. hxg3 Qf7 16. Nxg5 Qe7 17. Qg6 Qg7 18. Qxe6+ Rd7 19. Nge4 Nd8 20. Qf5 1-0

[Event "Monarque noir-Tch"]
[Site "Gatineau CAN"]
[Date "2008.02.05"]
[Round "4"]
[White "Levesque, Andre"]
[Black "Thomson, Brad"]
[Result "1-0"]
[WhiteElo "1429"]
[BlackElo "1714"]
[PlyCount "77"]
[GameId "2160767910549068"]
[EventDate "2008.01.15"]
[EventType "team-swiss"]
[EventRounds "7"]
[EventCountry "CAN"]
[SourceTitle "EXT 2011"]
[Source "ChessBase"]
[SourceDate "2011.11.26"]
[SourceVersion "1"]
[SourceVersionDate "2011.11.26"]
[SourceQuality "1"]

1. e4 c6 2. Nf3 d5 3. Nc3 dxe4 4. Nxe4 Bf5 5. Ng3 Bg6 6. Ne5 Nf6 7. Nxg6 hxg6 8. Bc4 e6 9. O-O Nbd7 10. d4 Qc7 11. c3 Bd6 12. a3 Ne4 13. Qf3 Ndf6 14. Bd3 Nxg3 15. fxg3 O-O 16. Bd2 c5 17. Be3 cxd4 18. cxd4 Nd5 19. Bd2 a6 20. Rac1 Qe7 21. Rce1 Qc7 22. Rf2 b5 23. Ref1 b4 24. axb4 Nxb4 25. Be4 Rab8 26. Be3 f5 27. Bb1 Qc6 28. Qe2 Qb5 29. Qd1 Rfc8 30. Bf4 Bxf4 31. Rxf4 Nd5 32. R4f3 Qxb2 33. R3f2 Qb3 34. Qe1 Qb6 35. Ba2 Qc6 36. Re2 Re8 37. Re5 Qc3 38. Bxd5 Qxd4+ 39. Kh1 1-0

[Event "Monarque noir-Tch"]
[Site "Gatineau CAN"]
[Date "2008.02.05"]
[Round "4"]
[White "Maisonneuve, Paul"]
[Black "Berthiaume, Patrick"]
[Result "1-0"]
[WhiteElo "1395"]
[BlackElo "1098"]
[PlyCount "51"]
[GameId "2160767910549069"]
[EventDate "2008.01.15"]
[EventType "team-swiss"]
[EventRounds "7"]
[EventCountry "CAN"]
[SourceTitle "EXT 2011"]
[Source "ChessBase"]
[SourceDate "2011.11.26"]
[SourceVersion "1"]
[SourceVersionDate "2011.11.26"]
[SourceQuality "1"]

1. d4 Nf6 2. Nf3 g6 3. Bf4 Bg7 4. e3 d5 5. h3 O-O 6. Be2 Ne4 7. Nbd2 f5 8. O-O c5 9. c3 cxd4 10. exd4 e6 11. Ne5 Nc6 12. Nxc6 bxc6 13. Nf3 Bd7 14. Ne5 g5 15. Bh2 f4 16. f3 Ng3 17. Bxg3 fxg3 18. Qe1 Bxe5 19. dxe5 Qc7 20. Qxg3 Rf5 21. f4 h6 22. Bd3 Rf7 23. fxg5 hxg5 24. Qxg5+ Rg7 25. Qf6 Rf8 26. Qxf8# 1-0

[Event "Monarque noir-Tch"]
[Site "Gatineau CAN"]
[Date "2008.02.05"]
[Round "4"]
[White "Menard, Marc"]
[Black "Rainey, Ivan"]
[Result "1-0"]
[WhiteElo "1597"]
[BlackElo "1339"]
[PlyCount "51"]
[GameId "2160767910549070"]
[EventDate "2008.01.15"]
[EventType "team-swiss"]
[EventRounds "7"]
[EventCountry "CAN"]
[SourceTitle "EXT 2011"]
[Source "ChessBase"]
[SourceDate "2011.11.26"]
[SourceVersion "1"]
[SourceVersionDate "2011.11.26"]
[SourceQuality "1"]

1. e4 c6 2. d4 d5 3. Nc3 dxe4 4. Nxe4 Bf5 5. Ng3 Bg6 6. Nf3 e6 7. Ne5 Ne7 8. Nxg6 Nxg6 9. Bc4 Bd6 10. Ne4 Bc7 11. Bg5 f6 12. Be3 Qd7 13. Nc5 Qe7 14. Nxe6 Bxh2 15. Nxg7+ Qxg7 16. Rxh2 Qc7 17. Qe2 Ne7 18. Qh5+ Ng6 19. O-O-O Qe7 20. Re1 Qd7 21. Bg5+ Kd8 22. Bxf6+ Kc7 23. Bxh8 Kb6 24. Qc5+ Kc7 25. Be5+ Nxe5 26. Qxe5+ 1-0

[Event "Monarque noir-Tch"]
[Site "Gatineau CAN"]
[Date "2008.02.05"]
[Round "4"]
[White "Sunatori, Evelyne"]
[Black "Labelle, Raymond"]
[Result "0-1"]
[WhiteElo "1151"]
[BlackElo "1419"]
[PlyCount "90"]
[GameId "2160767910549071"]
[EventDate "2008.01.15"]
[EventType "team-swiss"]
[EventRounds "7"]
[EventCountry "CAN"]
[SourceTitle "EXT 2011"]
[Source "ChessBase"]
[SourceDate "2011.11.26"]
[SourceVersion "1"]
[SourceVersionDate "2011.11.26"]
[SourceQuality "1"]

1. e4 e5 2. Nf3 Nc6 3. Bc4 Nf6 4. Nc3 Be7 5. O-O O-O 6. Re1 d6 7. d4 Nxd4 8. Nxd4 exd4 9. Qxd4 Bd7 10. h3 c5 11. Qd3 a6 12. e5 dxe5 13. Rxe5 b5 14. Bd5 Rc8 15. Bb7 c4 16. Qd4 Rb8 17. Bxa6 Be6 18. Qh4 Ng4 19. Qg3 Nxe5 20. Qxe5 b4 21. Na4 Qd1+ 22. Kh2 Bd6 23. Qg3 Bxg3+ 24. Kxg3 Qd6+ 25. Bf4 Qxa6 26. Bxb8 Qxa4 27. Bd6 Rd8 28. Bc7 Rd7 29. Bb6 Qxc2 30. b3 c3 31. Bc5 Qb2 32. Re1 c2 33. Be3 Rd1 34. Re2 Qxa2 35. Bf4 Qxb3+ 36. f3 Qc4 37. Re5 Qxf4+ 38. Kxf4 c1=Q+ 39. Kg3 Qc7 40. Kf4 f6 41. Kg3 Qxe5+ 42. f4 Qe1+ 43. Kh2 Rd2 44. f5 Qf2 45. fxe6 Qxg2# 0-1

[Event "Monarque noir-Tch"]
[Site "Gatineau CAN"]
[Date "2008.02.12"]
[Round "5"]
[White "Berthiaume, Patrick"]
[Black "Duret, Serge"]
[Result "1-0"]
[WhiteElo "1098"]
[BlackElo "1035"]
[PlyCount "61"]
[GameId "2160767910549072"]
[EventDate "2008.01.15"]
[EventType "team-swiss"]
[EventRounds "7"]
[EventCountry "CAN"]
[SourceTitle "EXT 2011"]
[Source "ChessBase"]
[SourceDate "2011.11.26"]
[SourceVersion "1"]
[SourceVersionDate "2011.11.26"]
[SourceQuality "1"]

1. e4 c5 2. Nf3 d6 3. Bc4 Nc6 4. Nc3 Nf6 5. O-O g6 6. Ng5 Ne5 7. Bb5+ Bd7 8. Bxd7+ Qxd7 9. d4 cxd4 10. Qxd4 Bh6 11. Nh3 Bxc1 12. Raxc1 Qg4 13. Qa4+ Nfd7 14. Nd5 O-O 15. Nxe7+ Kg7 16. f3 Qe6 17. Nd5 Rfc8 18. Ng5 Qe8 19. f4 Nc6 20. Qa3 Nd4 21. Qxd6 Ne2+ 22. Kf2 Nxc1 23. Nc7 Qf8 24. Qxf8+ Nxf8 25. Nxa8 Rxa8 26. Rxc1 Rd8 27. Re1 Ne6 28. Nxe6+ fxe6 29. Kf3 Rd2 30. Re2 Rxe2 31. Kxe2 1-0

[Event "Monarque noir-Tch"]
[Site "Gatineau CAN"]
[Date "2008.02.12"]
[Round "5"]
[White "Berthiaume, Serge"]
[Black "Sunatori, Evelyne"]
[Result "0-1"]
[WhiteElo "1290"]
[BlackElo "1151"]
[PlyCount "72"]
[GameId "2160767910549073"]
[EventDate "2008.01.15"]
[EventType "team-swiss"]
[EventRounds "7"]
[EventCountry "CAN"]
[SourceTitle "EXT 2011"]
[Source "ChessBase"]
[SourceDate "2011.11.26"]
[SourceVersion "1"]
[SourceVersionDate "2011.11.26"]
[SourceQuality "1"]

1. d4 d5 2. c4 c6 3. Nf3 Nf6 4. Bf4 Nbd7 5. Nc3 e6 6. c5 b6 7. b4 a5 8. a3 Be7 9. e3 O-O 10. Bd3 Bb7 11. Qc2 g6 12. O-O-O axb4 13. axb4 Ra1+ 14. Kd2 Ra8 15. h3 Re8 16. g4 Kg7 17. Rdg1 Ba6 18. h4 Bxd3 19. Qxd3 h6 20. g5 hxg5 21. hxg5 Nh5 22. Rh2 Nxf4 23. exf4 Rh8 24. Rgh1 Qc7 25. Qe3 f6 26. Rh6 Raf8 27. R1h4 Rxh6 28. Rxh6 fxg5 29. fxg5 Qf4 30. Ne2 Qxf3 31. Qxe6 Bxg5+ 32. Kd1 Qd3+ 33. Ke1 Qb1+ 34. Nc1 Qxc1+ 35. Ke2 Qd2+ 36. Kf1 Qxf2# 0-1

[Event "Monarque noir-Tch"]
[Site "Gatineau CAN"]
[Date "2008.02.12"]
[Round "5"]
[White "Desjardins, Michel"]
[Black "Cossette, Daniel"]
[Result "0-1"]
[WhiteElo "1943"]
[BlackElo "2125"]
[PlyCount "124"]
[GameId "2160767910549074"]
[EventDate "2008.01.15"]
[EventType "team-swiss"]
[EventRounds "7"]
[EventCountry "CAN"]
[SourceTitle "EXT 2011"]
[Source "ChessBase"]
[SourceDate "2011.11.26"]
[SourceVersion "1"]
[SourceVersionDate "2011.11.26"]
[SourceQuality "1"]

1. e4 c5 2. Nc3 Nc6 3. g3 g6 4. Bg2 Bg7 5. d3 d6 6. Be3 Rb8 7. Qd2 Nd4 8. Nd1 e5 9. c3 Ne6 10. Ne2 Ne7 11. Bh6 O-O 12. Bxg7 Kxg7 13. Ne3 Nc6 14. Nd5 b5 15. O-O b4 16. f4 exf4 17. Nexf4 Nxf4 18. Rxf4 Be6 19. Nf6 bxc3 20. bxc3 Ne5 21. Raf1 h6 22. h3 c4 23. dxc4 Bxc4 24. R1f2 Nd3 25. R4f3 Rb2 26. Qxb2 Nxb2 27. Rxb2 Qc7 28. Kh2 Rb8 29. Rbf2 Qa5 30. Nd5 Bxd5 31. exd5 Rb7 32. c4 Qc5 33. Bf1 a5 34. Bd3 a4 35. g4 a3 36. Kg3 Qd4 37. Bc2 Qc5 38. Bb3 Rc7 39. Kg2 Qb4 40. Kh2 Qe1 41. Kg2 Qb4 42. Kh2 Kg8 43. Kg2 Qc5 44. Kf1 Qd4 45. Kg2 Kf8 46. Kh2 Ke8 47. Kg2 h5 48. gxh5 gxh5 49. Ba4+ Kf8 50. Bb3 Kg7 51. Kh2 Qe5+ 52. Kg2 f6 53. Rf5 Qe4+ 54. Kh2 Rf7 55. Bc2 Qxc4 56. Bb3 Qd4 57. R2f4 Qb2+ 58. Rf2 Rc7 59. Rxf6 Qxf6 60. Rxf6 Kxf6 61. Kg2 Rc3 62. Ba4 Ke5 0-1

[Event "Monarque noir-Tch"]
[Site "Gatineau CAN"]
[Date "2008.02.12"]
[Round "5"]
[White "Groleau, Gilles"]
[Black "Danilov, Alex"]
[Result "1-0"]
[WhiteElo "1951"]
[BlackElo "1908"]
[PlyCount "53"]
[GameId "2160767910549075"]
[EventDate "2008.01.15"]
[EventType "team-swiss"]
[EventRounds "7"]
[EventCountry "CAN"]
[SourceTitle "EXT 2011"]
[Source "ChessBase"]
[SourceDate "2011.11.26"]
[SourceVersion "1"]
[SourceVersionDate "2011.11.26"]
[SourceQuality "1"]

1. e4 c5 2. Nc3 e6 3. f4 Nc6 4. Nf3 g6 5. Bb5 Bg7 6. Bxc6 bxc6 7. d3 Ne7 8. O-O O-O 9. e5 Nd5 10. Ne4 f6 11. c4 fxe5 12. fxe5 Ne7 13. Bg5 h6 14. Bf6 Bxf6 15. Nxf6+ Kg7 16. Qd2 Ng8 17. Ne4 Qe7 18. Qe3 Rb8 19. Rf2 Bb7 20. Nd6 Ba6 21. Qxc5 Kh7 22. Qxa7 Ra8 23. Qe3 Qg7 24. Raf1 Ne7 25. g4 Rad8 26. Nd2 Nc8 27. Rf7 1-0

[Event "Monarque noir-Tch"]
[Site "Gatineau CAN"]
[Date "2008.02.12"]
[Round "5"]
[White "Kennedy, Phillip"]
[Black "Jani, Louis"]
[Result "0-1"]
[WhiteElo "1337"]
[BlackElo "1460"]
[PlyCount "88"]
[GameId "2160767910549076"]
[EventDate "2008.01.15"]
[EventType "team-swiss"]
[EventRounds "7"]
[EventCountry "CAN"]

1. c4 c5 2. g3 Nc6 3. Bg2 e6 4. Nc3 Nf6 5. Nf3 Be7 6. d4 d5 7. cxd5 exd5 8. O-O Be6 9. Bf4 O-O 10. Ne5 Nxd4 11. e3 Nc6 12. Nxc6 bxc6 13. Qc2 Nd7 14. Rfd1 g5 15. Bxg5 Bxg5 16. f4 d4 17. exd4 Be7 18. Bxc6 Rc8 19. d5 Bg4 20. Rd2 Nb8 21. Qe4 Nxc6 22. f5 Bxf5 23. Qxf5 Nd4 24. Qg4+ Kh8 25. Rf1 Qd6 26. Rxf7 Rxf7 27. Qxc8+ Qd8 28. Qg4 Nf3+ 29. Kg2 Nxd2 30. Qe6 Qf8 31. Nd1 Rg7 32. Qe2 Bg5 33. b3 Re7 34. Qd3 Ne4 35. a4 Bf6 36. d6 Nxd6 37. Nf2 Bd4 38. Ng4 Qf5 39. Qd1 Qe4+ 40. Kh3 h5 41. Nf6 Qf5+ 42. Kg2 Qxf6 43. Qxh5+ Rh7 44. Qd5 Qf2+ 0-1

[Event "Monarque noir-Tch"]
[Site "Gatineau CAN"]
[Date "2008.02.12"]
[Round "5"]
[White "Labelle, Raymond"]
[Black "Dupont, Claude"]
[Result "0-1"]
[WhiteElo "1419"]
[BlackElo "1513"]
[PlyCount "74"]
[GameId "2160767910549077"]
[EventDate "2008.01.15"]
[EventType "team-swiss"]
[EventRounds "7"]
[EventCountry "CAN"]
[SourceTitle "EXT 2011"]
[Source "ChessBase"]
[SourceDate "2011.11.26"]
[SourceVersion "1"]
[SourceVersionDate "2011.11.26"]
[SourceQuality "1"]

1. e4 c5 2. Nf3 d6 3. d4 cxd4 4. Nxd4 a6 5. Bc4 Nf6 6. Nc3 b5 7. Bd3 Bb7 8. f3 e6 9. Bg5 Be7 10. O-O Qb6 11. Be3 Qc7 12. f4 Nbd7 13. b4 Qxc3 14. Rb1 Bxe4 15. Rb3 Qc7 16. Bxe4 Nxe4 17. Qf3 d5 18. Qg4 g6 19. h4 h5 20. Nxe6 fxe6 21. Qxe6 Qd6 22. Qh3 Ndf6 23. f5 Ng4 24. Bf4 Qb6+ 25. Be3 Nxe3 26. Rxe3 g5 27. Rfe1 Bxb4 28. c3 Bxc3 29. R1e2 g4 30. Qh2 g3 31. Qxg3 Kf7 32. Qf4 Bd4 33. Kh1 Bxe3 34. Rxe3 Qd4 35. Qf3 Rac8 36. Re1 Rc3 37. Qe2 Ng3+ 0-1

[Event "Monarque noir-Tch"]
[Site "Gatineau CAN"]
[Date "2008.02.12"]
[Round "5"]
[White "Lacourse, Guy"]
[Black "Laurin, Jacques"]
[Result "0-1"]
[WhiteElo "1583"]
[BlackElo "1828"]
[PlyCount "70"]
[GameId "2160767910549078"]
[EventDate "2008.01.15"]
[EventType "team-swiss"]
[EventRounds "7"]
[EventCountry "CAN"]
[SourceTitle "EXT 2011"]
[Source "ChessBase"]
[SourceDate "2011.11.26"]
[SourceVersion "1"]
[SourceVersionDate "2011.11.26"]
[SourceQuality "1"]

1. c4 Nf6 2. d4 d6 3. Nc3 c6 4. e4 Qa5 5. Bd3 Na6 6. Bd2 Qb6 7. Nge2 Bg4 8. f3 Bh5 9. Na4 Qd8 10. b4 e5 11. b5 Nc7 12. bxc6 bxc6 13. Ba5 Qc8 14. Rb1 Be7 15. Qb3 O-O 16. Qb7 Nfe8 17. Qxc6 Bh4+ 18. Kd2 Bg5+ 19. Kc2 f5 20. exf5 Rxf5 21. g4 Rxf3 22. gxh5 Qh3 23. Bxc7 Rxd3 24. Rb3 Rd2+ 25. Kb1 Qf5+ 26. Ka1 Nxc7 27. Qxc7 Rxe2 28. Rb8+ Rxb8 29. Qxb8+ Qf8 30. Qxf8+ Kxf8 31. dxe5 dxe5 32. Nc3 Rc2 33. Rf1+ Bf4 34. Nd5 Rxc4 35. Nxf4 Rxf4 0-1

[Event "Monarque noir-Tch"]
[Site "Gatineau CAN"]
[Date "2008.02.12"]
[Round "5"]
[White "Libersan, Mattieu"]
[Black "Levesque, Andre"]
[Result "1-0"]
[WhiteElo "1828"]
[BlackElo "1429"]
[PlyCount "35"]
[GameId "2160767910549079"]
[EventDate "2008.01.15"]
[EventType "team-swiss"]
[EventRounds "7"]
[EventCountry "CAN"]
[SourceTitle "EXT 2011"]
[Source "ChessBase"]
[SourceDate "2011.11.26"]
[SourceVersion "1"]
[SourceVersionDate "2011.11.26"]
[SourceQuality "1"]

1. e4 c5 2. Nf3 Nc6 3. d4 cxd4 4. Nxd4 g6 5. Nc3 Bg7 6. Be3 Nf6 7. Bc4 Qa5 8. O-O O-O 9. Bb3 d6 10. Qd2 Bd7 11. Rfe1 Rfe8 12. Rad1 Rac8 13. Nxc6 Bxc6 14. f3 a6 15. Bd4 b5 16. Bxf6 Bxf6 17. Nd5 Bxb2 18. Qxa5 1-0

[Event "Monarque noir-Tch"]
[Site "Gatineau CAN"]
[Date "2008.02.12"]
[Round "5"]
[White "MacIsaac, Alexandre"]
[Black "Chirokova, Elena"]
[Result "1/2-1/2"]
[WhiteElo "1323"]
[BlackElo "1353"]
[PlyCount "21"]
[GameId "2160767910549080"]
[EventDate "2008.01.15"]
[EventType "team-swiss"]
[EventRounds "7"]
[EventCountry "CAN"]
[SourceTitle "EXT 2011"]
[Source "ChessBase"]
[SourceDate "2011.11.26"]
[SourceVersion "1"]
[SourceVersionDate "2011.11.26"]
[SourceQuality "1"]

1. e4 e5 2. Nf3 Nc6 3. Bc4 d6 4. h3 a6 5. d3 h6 6. Be3 Nf6 7. Nc3 b5 8. Bb3 Bb7 9. O-O Be7 10. Qd2 Qd7 11. d4 1/2-1/2

[Event "Monarque noir-Tch"]
[Site "Gatineau CAN"]
[Date "2008.02.12"]
[Round "5"]
[White "Maisonneuve, Paul"]
[Black "Arsenault, Yves"]
[Result "1-0"]
[WhiteElo "1395"]
[BlackElo "1503"]
[PlyCount "102"]
[GameId "2160767910549081"]
[EventDate "2008.01.15"]
[EventType "team-swiss"]
[EventRounds "7"]
[EventCountry "CAN"]
[SourceTitle "EXT 2011"]
[Source "ChessBase"]
[SourceDate "2011.11.26"]
[SourceVersion "1"]
[SourceVersionDate "2011.11.26"]
[SourceQuality "1"]

1. d4 e6 2. Bf4 Nf6 3. e3 b6 4. Nf3 Bb7 5. Nbd2 Nc6 6. c3 Be7 7. h3 O-O 8. Bd3 d5 9. O-O Bd6 10. Bxd6 Qxd6 11. e4 Nh5 12. e5 Qe7 13. Re1 Nf4 14. Bc2 Rac8 15. Nf1 Na5 16. Qc1 Ng6 17. g3 c5 18. Qd1 cxd4 19. cxd4 Nc4 20. Rb1 Rc7 21. N1d2 Rfc8 22. Nxc4 Rxc4 23. Bd3 R4c7 24. h4 f5 25. exf6 gxf6 26. Qe2 Re8 27. Nh2 Qg7 28. Qh5 Ree7 29. Qg4 f5 30. Qg5 h6 31. Qh5 Nf4 32. Qf3 Nxd3 33. Qxd3 Rc4 34. Re5 Ba6 35. Qe3 Bc8 36. Re1 a5 37. Rxd5 exd5 38. Qxe7 Qxe7 39. Rxe7 Kf8 40. Rh7 Rxd4 41. Rh8+ Ke7 42. Rxc8 Rd2 43. Rc6 Rxb2 44. Rxh6 Rb1+ 45. Kg2 d4 46. Nf3 d3 47. Rh5 Ke6 48. Rh6+ Kd5 49. Rh8 Rd1 50. Rd8+ Kc4 51. h5 Kc3 1-0

[Event "Monarque noir-Tch"]
[Site "Gatineau CAN"]
[Date "2008.02.12"]
[Round "5"]
[White "Menard, Marc"]
[Black "Guimond, Michel"]
[Result "0-1"]
[WhiteElo "1597"]
[BlackElo "1854"]
[PlyCount "44"]
[GameId "2160767910549082"]
[EventDate "2008.01.15"]
[EventType "team-swiss"]
[EventRounds "7"]
[EventCountry "CAN"]
[SourceTitle "EXT 2011"]
[Source "ChessBase"]
[SourceDate "2011.11.26"]
[SourceVersion "1"]
[SourceVersionDate "2011.11.26"]
[SourceQuality "1"]

1. e4 c5 2. Nf3 d6 3. d4 cxd4 4. Nxd4 Nf6 5. Nc3 g6 6. Bc4 Bg7 7. O-O O-O 8. f3 Nc6 9. Nxc6 bxc6 10. Be3 Qa5 11. a3 Nd7 12. b4 Qe5 13. Ne2 Qxa1 14. Qxa1 Bxa1 15. Rxa1 c5 16. Nf4 e6 17. Rd1 Nb6 18. Bb3 c4 19. Bxb6 cxb3 20. cxb3 axb6 21. a4 Rd8 22. b5 Bb7 0-1

[Event "Monarque noir-Tch"]
[Site "Gatineau CAN"]
[Date "2008.02.12"]
[Round "5"]
[White "Rainey, Ivan"]
[Black "Blouin, Francois"]
[Result "0-1"]
[WhiteElo "1339"]
[BlackElo "1512"]
[PlyCount "96"]
[GameId "2160767910549083"]
[EventDate "2008.01.15"]
[EventType "team-swiss"]
[EventRounds "7"]
[EventCountry "CAN"]
[SourceTitle "EXT 2011"]
[Source "ChessBase"]
[SourceDate "2011.11.26"]
[SourceVersion "1"]
[SourceVersionDate "2011.11.26"]
[SourceQuality "1"]

1. e4 e6 2. d4 d5 3. Nd2 c5 4. exd5 Qxd5 5. dxc5 Bxc5 6. Ngf3 Nf6 7. Bc4 Qd6 8. O-O O-O 9. Nb3 Qxd1 10. Rxd1 Bb6 11. Bf4 Nc6 12. Bd6 Rd8 13. Bc5 Bxc5 14. Rxd8+ Nxd8 15. Nxc5 a6 16. Ne5 Kf8 17. Rd1 Ke7 18. Be2 b6 19. Bf3 Rb8 20. Rxd8 Kxd8 21. Nc6+ Kc7 22. Nxb8 Kxb8 23. Ne4 Nxe4 24. Bxe4 f5 25. Bf3 e5 26. Kf1 Kc7 27. Ke1 Kd6 28. Kd2 e4 29. Be2 Bb7 30. g3 a5 31. a3 g5 32. b4 axb4 33. axb4 Kd5 34. Ke3 Ke5 35. f4+ exf3 36. Bxf3 Bxf3 37. Kxf3 Kd4 38. h4 h6 39. Ke2 Kc3 40. Ke3 Kxb4 41. Kd4 f4 42. gxf4 gxf4 43. Ke4 f3 44. Kxf3 Kc3 45. h5 Kxc2 46. Ke4 b5 47. Kd4 b4 48. Kc4 b3 0-1

[Event "Monarque noir-Tch"]
[Site "Gatineau CAN"]
[Date "2008.02.12"]
[Round "5"]
[White "Thomson, Brad"]
[Black "Jiang, Qizhe"]
[Result "1-0"]
[WhiteElo "1714"]
[BlackElo "935"]
[PlyCount "27"]
[GameId "2160767910549084"]
[EventDate "2008.01.15"]
[EventType "team-swiss"]
[EventRounds "7"]
[EventCountry "CAN"]
[SourceTitle "EXT 2011"]
[Source "ChessBase"]
[SourceDate "2011.11.26"]
[SourceVersion "1"]
[SourceVersionDate "2011.11.26"]
[SourceQuality "1"]

1. d4 d5 2. c4 c6 3. Nf3 e6 4. Nc3 Nd7 5. Bg5 Ngf6 6. e3 Bd6 7. Bd3 b6 8. O-O Ba6 9. cxd5 Bxd3 10. Qxd3 cxd5 11. Nb5 Qe7 12. Rac1 O-O 13. Rc6 Rfc8 14. Qc2 1-0

[Event "Monarque noir-Tch"]
[Site "Gatineau CAN"]
[Date "2008.02.19"]
[Round "6"]
[White "Arsenault, Yves"]
[Black "Menard, Marc"]
[Result "0-1"]
[WhiteElo "1503"]
[BlackElo "1597"]
[PlyCount "92"]
[GameId "2160767910549085"]
[EventDate "2008.01.15"]
[EventType "team-swiss"]
[EventRounds "7"]
[EventCountry "CAN"]
[SourceTitle "EXT 2011"]
[Source "ChessBase"]
[SourceDate "2011.11.26"]
[SourceVersion "1"]
[SourceVersionDate "2011.11.26"]
[SourceQuality "1"]

1. e4 d5 2. exd5 Nf6 3. d4 Nxd5 4. Nf3 g6 5. c4 Nb6 6. Nc3 Bg7 7. Bf4 O-O 8. Rc1 Bg4 9. d5 c6 10. h3 Bxf3 11. Qxf3 cxd5 12. Nxd5 Na6 13. Rd1 Nxd5 14. Rxd5 Qc8 15. Rd2 e5 16. Be3 Qc7 17. Be2 Rfd8 18. O-O f5 19. Rxd8+ Rxd8 20. b3 e4 21. Qg3 Qxg3 22. fxg3 Bd4 23. Bxd4 Rxd4 24. a3 Rd2 25. Bd1 Ra2 26. a4 Nb4 27. g4 e3 28. Re1 f4 29. Kf1 Nd3 30. Re2 Ra1 31. Re1 Nxe1 32. Kxe1 g5 33. b4 Kf7 34. c5 Ke6 35. Ke2 Ra2+ 36. Ke1 Ra1 37. Ke2 Kd5 38. Bb3+ Kd4 39. b5 Kxc5 40. Bc2 h6 41. Kf3 Kd4 42. Ke2 Rg1 43. Kf3 Rf1+ 44. Ke2 Rf2+ 45. Kd1 Rxg2 46. Bb3 f3 0-1

[Event "Monarque noir-Tch"]
[Site "Gatineau CAN"]
[Date "2008.02.19"]
[Round "6"]
[White "Berthiaume, Patrick"]
[Black "Reitano, Michael"]
[Result "1-0"]
[WhiteElo "1098"]
[BlackElo "967"]
[PlyCount "47"]
[GameId "2160767910549086"]
[EventDate "2008.01.15"]
[EventType "team-swiss"]
[EventRounds "7"]
[EventCountry "CAN"]
[SourceTitle "EXT 2011"]
[Source "ChessBase"]
[SourceDate "2011.11.26"]
[SourceVersion "1"]
[SourceVersionDate "2011.11.26"]
[SourceQuality "1"]

1. e4 e5 2. Nf3 Nc6 3. Bc4 Nh6 4. Nc3 d6 5. d3 f6 6. O-O Bd7 7. h3 Na5 8. Bb3 Bc6 9. Be3 g6 10. Qd2 Nf7 11. Bxf7+ Kxf7 12. b4 b6 13. bxa5 bxa5 14. Nh2 h6 15. f4 Rb8 16. Nf3 Qd7 17. fxe5 dxe5 18. Nxe5+ Ke7 19. Nxd7 Bxd7 20. Nd5+ Kd8 21. Qxa5 Rb5 22. Qxc7+ Ke8 23. Nxf6+ Ke7 24. Qxd7# 1-0

[Event "Monarque noir-Tch"]
[Site "Gatineau CAN"]
[Date "2008.02.19"]
[Round "6"]
[White "Blouin, Francois"]
[Black "Levesque, Andre"]
[Result "1-0"]
[WhiteElo "1512"]
[BlackElo "1429"]
[PlyCount "77"]
[GameId "2160767910549087"]
[EventDate "2008.01.15"]
[EventType "team-swiss"]
[EventRounds "7"]
[EventCountry "CAN"]
[SourceTitle "EXT 2011"]
[Source "ChessBase"]
[SourceDate "2011.11.26"]
[SourceVersion "1"]
[SourceVersionDate "2011.11.26"]
[SourceQuality "1"]

1. e4 c5 2. Nc3 Nc6 3. d3 g6 4. Be3 d6 5. g3 e6 6. Bg2 Bd7 7. Qd2 Rb8 8. a3 Nd4 9. Nce2 Nc6 10. Nf3 h6 11. O-O Nf6 12. h3 b6 13. Kh2 Bg7 14. Rab1 Ne5 15. Nxe5 dxe5 16. f4 exf4 17. Bxf4 Rc8 18. Rf2 e5 19. Be3 g5 20. Rbf1 O-O 21. Ng1 Qe7 22. Ne2 Rcd8 23. Nc3 Bc6 24. Rf5 Rd6 25. Bxg5 hxg5 26. Qxg5 Re8 27. h4 Bd7 28. Rxf6 Rxf6 29. Nd5 Re6 30. Nxe7+ R8xe7 31. Bh3 f6 32. Bxe6+ Rxe6 33. Qc1 Rc6 34. Qd1 c4 35. dxc4 Be6 36. b3 Bf8 37. Rxf6 Bxa3 38. Qh5 Bf8 39. Qg6+ 1-0

[Event "Monarque noir-Tch"]
[Site "Gatineau CAN"]
[Date "2008.02.19"]
[Round "6"]
[White "Cossette, Daniel"]
[Black "Scantland, Patrick"]
[Result "1-0"]
[WhiteElo "2125"]
[BlackElo "1709"]
[PlyCount "61"]
[GameId "2160767910549088"]
[EventDate "2008.01.15"]
[EventType "team-swiss"]
[EventRounds "7"]
[EventCountry "CAN"]
[SourceTitle "EXT 2011"]
[Source "ChessBase"]
[SourceDate "2011.11.26"]
[SourceVersion "1"]
[SourceVersionDate "2011.11.26"]
[SourceQuality "1"]

1. e4 c5 2. d4 cxd4 3. c3 dxc3 4. Nxc3 Nc6 5. Nf3 d6 6. Bc4 e6 7. Qe2 Be7 8. O-O Bd7 9. Rd1 a6 10. Be3 Nf6 11. h3 O-O 12. Bf4 e5 13. Bg5 Be6 14. Bxf6 Bxf6 15. Nd5 Bxd5 16. Bxd5 Rc8 17. Rac1 Qe7 18. Bxc6 bxc6 19. Qxa6 Ra8 20. Qxc6 Rxa2 21. Rd2 Rd8 22. Qc4 Qa7 23. Rdc2 Ra4 24. b4 g6 25. Qb3 Ra3 26. Qb2 Rd7 27. Rb1 Kg7 28. Nd2 d5 29. b5 Ra4 30. b6 Qb8 31. Qb5 1-0

[Event "Monarque noir-Tch"]
[Site "Gatineau CAN"]
[Date "2008.02.19"]
[Round "6"]
[White "Danilov, Alex"]
[Black "Maisonneuve, Paul"]
[Result "1-0"]
[WhiteElo "1908"]
[BlackElo "1395"]
[PlyCount "41"]
[GameId "2160767910549089"]
[EventDate "2008.01.15"]
[EventType "team-swiss"]
[EventRounds "7"]
[EventCountry "CAN"]
[SourceTitle "EXT 2011"]
[Source "ChessBase"]
[SourceDate "2011.11.26"]
[SourceVersion "1"]
[SourceVersionDate "2011.11.26"]
[SourceQuality "1"]

1. e4 d6 2. d4 Nf6 3. Bd3 g6 4. Nf3 Bg7 5. Nc3 O-O 6. h3 Nc6 7. Be3 e5 8. d5 Ne7 9. Ne2 Ne8 10. g4 f5 11. gxf5 gxf5 12. exf5 Nxd5 13. Bc4 Nef6 14. Bxd5+ Kh8 15. Ng3 c6 16. Bb3 e4 17. Ng5 d5 18. Qd2 Ne8 19. O-O-O Bxf5 20. Nxf5 Rxf5 21. Nxe4 1-0